000 00320nam a22001457a 4500
003 SGT
020 _a9788188139874
082 _a342.0954
_bB07K
100 _aKUMAR, ANIL
245 _aBHARAT KA SANVIDHAN
260 _aINDIA
_bGYAN GANGA
_c2007
300 _a323
650 _aINDIAN CONSTITUTION
942 _2ddc
_cBK
999 _c26190
_d26190